000 00377nam a2200145Ia 4500
008 240624s9999 xx 000 0 und d
041 _aeng
082 _a658.401 CAD
100 _aCADLE JAMES
245 _aBUSINESS ANALYSIS TECHNIQUES 99 ESSENTIA
250 _a(2nd ed.)
260 _c2015
_aNew Delhi
_bViva Books
300 _axix, : 324 : p. : cm. ; 23
365 _cRS
_b33
999 _c27531
_d27531